Gandalf or Dumbledore? Quiz Stats

 Plays Quiz Updated Mar 9, 2015

Challenge
Share
Tweet
Embed
Score 0/26 Timer 03:00
3 Plays Today
Quote Source % Correct
It takes a great deal of bravery to stand up to our enemies, but just as much to stand up to our friends.???
81.9%
The evidence of the Dark Lord's return is incontrovertible.???
76.9%
It is not our abilities that show what we truly are, it is our choices.???
76.5%
Our enemy is almost ready, his full strength gathered.???
75.6%
I often talk aloud to myself. I find it extraordinarily useful.???
74.7%
There never was much hope. Just a fool's hope.???
74.5%
We should seek a final end of this menace, even if we do not hope to make one. ???
72.5%
Soon we must all face the choice, between what is right... and what is easy.???
70.5%
Happiness can be found even in the darkest of times, when one only remembers to turn on the light.???
70.4%
A wizard is never late. Nor is he early. He arrives precisely when he means to.???
68.8%
The truth is a beautiful and terrible thing, and should therefore be treated with caution.???
68.3%
The board is set. The pieces are moving.???
68.3%
Age is foolish and forgetful when it underestimates youth.???
68.1%
Quote Source % Correct
I will not say do not weep, for not all tears are an evil.???
66.3%
Many that live deserve death. And some that die deserve life. Can you give it to them????
66.2%
There are many powers in the world, for good or for evil. Some are greater than I am.???
64.4%
Despair is only for those who see the end beyond all doubt. We do not. ???
64.2%
Power was my weakness and my temptation. ???
59.8%
He that breaks a thing to find out what it is has left the path of wisdom.???
59.7%
Don't let him know, though. He must be anxious enough as it is... knowing what lies ahead. Then again, we all are.???
59.6%
All we have to decide is what to do with the time that is given us.???
58.2%
But the only measure that he knows is desire, desire for power; and so he judges all hearts.???
54%
End? No, it doesn't end here. Death is just a new path, a path everyone has to take.???
53.2%
I never dreamed that I would have such a person on my hands.???
51.7%
Differences of habit and language are nothing at all if our aims are identical and our hearts are open.???
50.1%
That though we may come from different places, and speak in different tongues, our hearts beat as one.???
49.1%

You're not logged in!

Compare scores with friends on all Sporcle quizzes.
OR
Log In

You Might Also Like...

Show Comments

Extras

Top Quizzes Today


Score Distribution

Your Account Isn't Verified!

In order to create a playlist on Sporcle, you need to verify the email address you used during registration. Go to your Sporcle Settings to finish the process.

Report this User

Report this user for behavior that violates our Community Guidelines.

Details: